00443nam a2200157Ia 45000010006000000050017000060080041000230410008000640820024000721100062000962450074001582600009002323000028002416500008002696540008002772458420260414151053.0260414t2014||||xx |||||||||||||| ||spa|| aESP a345.721bB141 V. 30 aBiblioteca de arbitraje del Estudio Mario Castillo Freyre 0aArbitraje :bactas del sexto congreso internacional de arbitraje 2012 c2014 a472 páginas :c24 cm. aDER aCDE